[Event "Xtracon Grand Master 2013"]
[Site "Asgaard Skole, Koge"]
[Date "2013.10.19"]
[Round "8.7"]
[White "Ulibin, Mikhail"]
[Black "Korley, Kassa"]
[Result "1/2-1/2"]
[WhiteElo "2523"]
[BlackElo "2329"]
[PlyCount "110"]
[EventDate "2013.??.??"]

1. e4 e5 2. Nf3 Nc6 3. Bb5 Nf6 4. O-O Nxe4 5. Re1 Nd6 6. Nxe5 Nxe5 7. Rxe5+ Be7
8. Bf1 O-O 9. d4 Bf6 10. Re1 Nf5 11. c3 d5 12. Bf4 c6 13. Nd2 Bg5 14. Qg4 Bxf4
15. Qxf4 Qd6 16. Re5 Ne7 17. Bd3 Ng6 18. Bxg6 hxg6 19. Qg3 Be6 20. Rae1 Rfe8
21. Qe3 Bd7 22. Qf4 Qf8 23. f3 f6 24. Rxe8 Rxe8 25. Rxe8 Qxe8 26. Kf2 g5 27.
Qc7 Kf8 28. Nf1 Qc8 29. Qd6+ Kf7 30. Ne3 Be6 31. h3 Ke8 32. b3 Kf7 33. a4 b6
34. b4 a5 35. Ke1 axb4 36. cxb4 Qa8 37. Qc7+ Kg6 38. a5 bxa5 39. bxa5 Qa6 40.
Kd2 Bc8 41. g4 Kh7 42. Qb6 Qa8 43. Nf5 Bxf5 44. gxf5 Qf8 45. Qxc6 Qb4+ 46. Qc3
Qa4 47. Ke1 Qa2 48. Qb4 Kh8 49. Qb6 Qa1+ 50. Kf2 Qa2+ 51. Ke3 Qa3+ 52. Kf2 Qc3
53. Qd8+ Kh7 54. Qxd5 Qd2+ 55. Kf1 Qd1+ 1/2-1/2

[Event "Xtracon Grand Master 2013"]
[Site "Asgaard Skole, Koge"]
[Date "2013.10.19"]
[Round "8.16"]
[White "Keinicke, Mads"]
[Black "Andersen, Morten"]
[Result "0-1"]
[WhiteElo "1693"]
[BlackElo "2153"]
[PlyCount "34"]
[EventDate "2013.??.??"]
[WhiteTeam "Nørrebro Skakklub"]
[BlackTeam "Skakforeningen Odysseus"]

1. d4 Nf6 2. Nf3 g6 3. Nc3 d5 4. Bf4 Bg7 5. Qd2 Ne4 6. Nxe4 dxe4 7. Ne5 c5 8.
e3 O-O 9. O-O-O cxd4 10. exd4 Nc6 11. Nxc6 bxc6 12. h3 Be6 13. Kb1 Qb6 14. Be3
c5 15. b3 cxd4 16. Bxd4 Bxd4 17. Qxd4 Rfd8 0-1

[Event "Xtracon Grand Master 2013"]
[Site "Asgaard Skole, Koge"]
[Date "2013.10.19"]
[Round "8.35"]
[White "Gade, Jens"]
[Black "Severinsen, Frank"]
[Result "0-1"]
[WhiteElo "1619"]
[BlackElo "1100"]
[PlyCount "144"]
[EventDate "2013.??.??"]
[WhiteTeam "Amager Skakforening"]
[BlackTeam "Skakklubben K41"]

1. f4 e5 2. fxe5 d6 3. exd6 Bxd6 4. Nf3 Nf6 5. e3 Ng4 6. h3 Bg3+ 7. Ke2 Nf6 8.
d3 Nc6 9. Bd2 Nd5 10. Nc3 O-O 11. Nxd5 Qxd5 12. Be1 Bd6 13. Bf2 Bf5 14. Qd2
Rfe8 15. a3 Re7 16. Re1 Rae8 17. Kd1 Be6 18. Be2 Qa2 19. Qc1 b5 20. Kd2 b4 21.
Qa1 Qd5 22. a4 Qa5 23. b3 Bd7 24. d4 Rc8 25. Bc4 Qb6 26. Qd1 Na5 27. Qe2 Be6
28. Bxe6 Rxe6 29. Qd3 h6 30. Rhf1 c5 31. dxc5 Bxc5 32. Kc1 Be7 33. e4 Qc7 34.
Kb1 Rd6 35. Qe2 Rc6 36. Rc1 Nxb3 37. Nd4 Nxd4 38. Bxd4 Rc4 39. Rfd1 Bg5 40. Be3
Rxe4 41. Rd3 Qg3 42. Bxg5 Rxe2 43. Rxg3 hxg5 44. Rxg5 Rc6 45. Kb2 Re3 46. Rg4
a5 47. Rg5 Ra6 48. Rd1 Ra3 49. Rh5 g6 50. Rhd5 Rxa4 51. Rd8+ Kg7 52. Rc8 Ra3
53. c3 Rxc3 54. Rxc3 bxc3+ 55. Kxc3 f5 56. Kc4 Kh6 57. Kb5 Ra8 58. Ra1 Kg5 59.
g3 Kf6 60. Ra4 Rb8+ 61. Kc5 Rb4 62. Rxa5 Rb3 63. Ra6+ Kg5 64. h4+ Kh5 65. Kd5
Rxg3 66. Ke5 Kxh4 67. Kf6 f4 68. Ra4 Rg4 69. Ra3 Rg3 70. Ra4 g5 71. Kf5 Kh3 72.
Ra8 f3 0-1